Statistiken für Deutsche Eishockey Liga - Grundwissen Einfach

Klicken Sie hier um das Quiz zu spielen!

Allgemein

  • Dieses Quiz wurde 138 mal gespielt
  • Das Durchschnittsergebnis liegt bei 5 aus 10

Antwortstatistiken

FrageAntwort% Korrekt
Wer ist Rekordmeister der DEL?Eisbären Berlin
79%
In welchem Jahr wurde die DEL gegründet ?1994
74%
Welches ist das größte Stadion der DEL ?Lanxess Arena - Kölner Haie
68%
Welche Mannschaft wurde noch NIE Deutscher MeisterNürnberg Ice Tigers
54%
Wie viele Titel konnte sich der Rekordmeister sichern ?9
52%
Wer ist der all time Top-TorschützePatrick Reimer
46%
Welche der folgenden Mannschaften war KEIN Gründungsmitglied ?Iserlohn Roosters
45%
In Welcher Stadt fand das erste DEL Winter Game statt ?Nürnberg
35%
Welche Mannschaft führt die Ewige Tabelle an ?Adler Mannheim
31%
Wer ist all time Top-Scorer der DEL ?Daniel Kreutzer
22%

Verteilung der Resultate

Perzentil nach korrekt beantworteten Fragen

Anzahl Personen mit jedem Resultat

Ihre Resultats-Entwicklung

Sie haben dieses Quiz noch nicht gespielt